000 00899nam a2200289 a 4500
003 DO-SdBNP
005 20211012133531.0
008 100127s2007 dr 001 p spa d
020 _a9789945161113
040 _aDO-SdBNP
_bspa
_cBPMSU
049 _a
082 _aRD861.5
_bM351m 2007
_222
092 _2
100 1 _aMármol, José,
_d1960-
245 1 0 _aMaravilla y furor :
_b(aforismo y fragmentos) /
_cJosé Mármol.
260 _aSanto Domingo :
_bBúho,
_c2007.
300 _a55 p. ;
_c23 cm.
490 0 _aEgro de literatura dominicana contemporánea
500 _aIncluye datos biográficos del autor en la solapa de la cubierta.
590 _6Inventariado, 2021/VM
650 4 _aPoesía dominicana
650 4 _aProsa poética dominicana
650 4 _aLiteratura dominicana.
830 0 _aEgro de literatura dominicana contemporánea
910 _aVMateo V.
942 _2ddc
_cBK
999 _c13786
_d13786